Essais (Record no. 186614)
[ view plain ]
| 000 -LEADER | |
|---|---|
| campo de control de longitud fija | 01146nam a2200229 i 4500 |
| 001 - NÚMERO DE CONTROL | |
| campo de control | 186614 |
| 003 - IDENTIFICADOR DE NÚMERO DE CONTROL | |
| campo de control | ES-MaACL |
| 005 - FECHA Y HORA DE LA ÚLTIMA TRANSACCIÓN | |
| campo de control | 20240501063101.0 |
| 008 - DATOS DE LONGITUD FIJA--INFORMACIÓN GENERAL | |
| campo de control de longitud fija | 161207s1958 sp |||| |dspa d |
| 080 ## - NÚMERO DE LA CLASIFICACIÓN DECIMAL UNIVERSAL | |
| Número de la Clasificación Decimal Universal | 821.133.1-4"15" |
| 100 1# - ENTRADA PRINCIPAL--NOMBRE DE PERSONA | |
| Nombre de persona | Montaigne, Michel de, |
| Fechas asociadas al nombre | 1533-1592 |
| 9 (RLIN) | 82329 |
| 245 10 - MENCIÓN DEL TÍTULO | |
| Título | Essais |
| Resto del título | : nouvelle édition conforme au texte de l'exemplaire de Bordeaux / |
| Mención de responsabilidad, etc. | Montaigne ; avec les additions de l'édition posthume, les principales variantes, une introduction, des notes et un index par Maurice Rat. |
| 260 ## - PUBLICACIÓN, DISTRIBUCIÓN, ETC. | |
| Lugar de publicación, distribución, etc. | Paris : |
| Nombre del editor, distribuidor, etc. | Garnier Frères, |
| Fecha de publicación, distribución, etc. | [1958] |
| 300 ## - DESCRIPCIÓN FÍSICA | |
| Extensión | 3 v. (XLIII, 445 p., 578 p., 488 p.) ; |
| Dimensiones | 19 cm. |
| 490 1# - MENCIÓN DE SERIE | |
| Mención de serie | Clasiques Garnier |
| 500 ## - NOTA GENERAL | |
| Nota general | Índice. |
| 505 8# - NOTA DE CONTENIDO CON FORMATO | |
| Nota de contenido con formato | Contiene: ; |
| Título | Livre premier: suivi d'un appendice sur Montaigne et La Boétie ; |
| -- | Livre second: suivi d'un appendice sur les sentences inscrites dans la "librairie" de Montaigne ; |
| -- | Livre troisième: suivi d'un appendice sur les livres de Montaigne |
| 700 1# - ENTRADA AGREGADA--NOMBRE PERSONAL | |
| Nombre de persona | Rat, Maurice. |
| 9 (RLIN) | 95518 |
| 830 0# - PUNTO DE ACCESO ADICIONAL DE SERIE-TÍTULO UNIFORME | |
| Título uniforme | Clasiques Garnier |
| 9 (RLIN) | 225443 |
| 852 ## - LOCALIZACIÓN | |
| Ubicación | ES-MaACL |
| Número de control de estantería | L-31000-02 |
| Nota libre | . - Biblioteca Jacinto Martínez Lacalle |
| Estatus retirado | Estado de pérdida | Estado de daño | No para préstamo | Biblioteca de origen | Biblioteca actual | Ubicación en estantería | Fecha de adquisición | Fuente de adquisición | Total de préstamos | Signatura topográfica completa | Código de barras | Visto por última vez | Precio de reemplazo | Tipo de ítem Koha |
|---|---|---|---|---|---|---|---|---|---|---|---|---|---|---|
| Biblioteca del Ateneo de Madrid | Biblioteca del Ateneo de Madrid | Depósito 2 | 07/12/2016 | L-31000-02 | 1196795 | 23/02/2023 | 23/02/2023 | Libro impreso |
